| 000 | 00829nam a22002412 4500 | ||
|---|---|---|---|
| 001 | 0000003997 | ||
| 005 | 20151217145748.0 | ||
| 008 | 070517s xx 000 0 eng d | ||
| 020 |
_a8178081032 : _cKES 1,200 |
||
| 040 |
_aKABU _cKABU |
||
| 050 | 0 |
_aQA76.6 _b.A36 1974 |
|
| 100 | 1 |
_aAho, Alfred V. _@0000148420 |
|
| 245 | 1 | 4 |
_aThe Design and analysis of computer algorithms / _cAlfred Aho, John E. Hopcroft, Jeffrey D. Ullman. |
| 260 |
_aPatparganj, Delhi : _bPearson Education (Singapore), _cc1974. |
||
| 300 |
_ax, 470 p. ; _c24 cm. |
||
| 650 | 0 |
_aComputer programming. _@0000148161 |
|
| 650 | 0 |
_aComputer algorithms. _@0000148170 |
|
| 700 | 1 |
_aHopcroft, John E. _@0000148421 |
|
| 700 | 1 |
_aUllman, Jeffrey D. _@0000148422 |
|
| 908 | _a070517 | ||
| 950 | _@1 | ||
| 999 |
_c2366 _d2366 |
||